书目信息 |
| 题名: |
兰山血 广治泪
|
|
| 作者: | ;一剑文化 著 | |
| 分册: | ||
| 出版信息: | 北京 台海出版社 2019 |
|
| 页数: | 379页 | |
| 开本: | 23cm | |
| 丛书名: | 指文战史系列 | |
| 单 册: | ||
| 中图分类: | K333.52 | |
| 科图分类: | ||
| 主题词: | 印支战争--yin zhi zhan zheng--越南--史料 | |
| 电子资源: | ||
| ISBN: | 978-7-5168-0987-7 | |
| 000 | 01302nam 2200301 45 | |
| 001 | 012001010125 | |
| 005 | 20140102160240.0 | |
| 010 | @a978-7-5168-0987-7@dCNY129.80 | |
| 099 | @aCAL 012016101144 | |
| 100 | @a20160810d2016 em y0chiy50 ea | |
| 101 | 0 | @achi |
| 102 | @aCN@b110000 | |
| 105 | @aak a 000yy | |
| 106 | @ar | |
| 200 | 1 | @a兰山血 广治泪@Alan shan xue guang zhi lei@e从南寮-9号公路大捷到广治大会战@e越南战争的又一次大决战@f一剑文化著 |
| 210 | @a北京@c台海出版社@d2019 | |
| 215 | @a379页@c图@d23cm | |
| 225 | 2 | @a指文战史系列@Azhi wen zhan shi xi lie@v066 |
| 320 | @a有书目 (第379页) | |
| 330 | @a本书内容主要涉及1971年南北两方在南寮-9号公路等地域进行的一系列军事较量, 包括“兰山719”行动, 以及1972年在广治方向的进攻。较为详细地叙述了这两次会战的准备、经过、结果, 以及后续的发展等, 讲述了在战斗中参战双方的筹备、计划、指挥以及实际作战等情况。 | |
| 410 | 0 | @12001 @a指文战史系列@v066 |
| 517 | 1 | @a从南寮-9号公路大捷到广治大会战@Acong nan liao -9 hao gong lu da jie dao guang zhi da hui zhan |
| 517 | 1 | @a越南战争的又一次大决战@Ayue nan zhan zheng de you yi ci da jue zhan |
| 606 | 0 | @a印支战争@Ayin zhi zhan zheng@y越南@x史料 |
| 690 | @aK333.52@v5 | |
| 711 | 02 | @a一剑文化@Ayi jian wen hua@4著 |
| 801 | 2 | @aCN@b上海新华@c20191020 |
| 905 | @b1135702-4@dK333.52@e6@f3 | |
| 兰山血 广治泪:从南寮-9号公路大捷到广治大会战:越南战争的又一次大决战/一剑文化著.-北京:台海出版社,2019 |
| 379页:图;23cm.-(指文战史系列;066) |
| ISBN 978-7-5168-0987-7:CNY129.80 |
| 本书内容主要涉及1971年南北两方在南寮-9号公路等地域进行的一系列军事较量, 包括“兰山719”行动, 以及1972年在广治方向的进攻。较为详细地叙述了这两次会战的准备、经过、结果, 以及后续的发展等, 讲述了在战斗中参战双方的筹备、计划、指挥以及实际作战等情况。 |
| ● |
| 相关链接 |
|
|
|
|
正题名:兰山血 广治泪
索取号:K333.52/6
 
预约/预借
| 序号 | 登录号 | 条形码 | 馆藏地/架位号 | 状态 | 备注 |
| 1 | 1135702 | 211357020 | 第二样本阅览室/ [索取号:K333.52/6] | 在馆 | |
| 2 | 1135703 | 211357039 | 第二借阅区/ [索取号:K333.52/6] | 在馆 | |
| 3 | 1135704 | 211357048 | 第二借阅区/ [索取号:K333.52/6] | 在馆 |